[Event "Montigny le Bretonneux op 7th"]
[Site "Montigny le Bretonneux"]
[Date "2003.05.04"]
[Round "9.18"]
[White "Mereghetti, David"]
[Black "Benhamouda, Matthieu"]
[Result "1-0"]
[WhiteElo "1300"]
[BlackElo "1350"]
[PlyCount "26"]
[EventDate "2003.05.??"]
[EventType "swiss"]
[EventRounds "9"]
[EventCountry "FRA"]
[SourceTitle "EXT 2004"]
[Source "ChessBase"]
[SourceDate "2003.11.25"]
[SourceVersion "1"]
[SourceVersionDate "2003.11.25"]
[SourceQuality "1"]

1. d4 d5 2. e3 Nf6 3. Nf3 Nc6 4. c4 e6 5. c5 b6 6. Bb5 Bd7 7. Bxc6 Bxc6 8. b4 Bb5 9. Nc3 Bc4 10. Ne5 bxc5 11. Nxc4 cxb4 12. Qa4+ Qd7 13. Nb5 Rc8 1-0

[Event "Montigny le Bretonneux op 7th"]
[Site "Montigny le Bretonneux"]
[Date "2003.05.03"]
[Round "6.14"]
[White "Mereghetti, David"]
[Black "Rivier, Sylvain"]
[Result "0-1"]
[WhiteElo "1300"]
[BlackElo "1570"]
[PlyCount "122"]
[EventDate "2003.05.??"]
[EventType "swiss"]
[EventRounds "9"]
[EventCountry "FRA"]
[SourceTitle "EXT 2004"]
[Source "ChessBase"]
[SourceDate "2003.11.25"]
[SourceVersion "1"]
[SourceVersionDate "2003.11.25"]
[SourceQuality "1"]

1. d4 e6 2. c4 Nf6 3. e3 b6 4. Nf3 Bb7 5. Bd2 d6 6. b4 Be7 7. a3 0-0 8. Be2 Nbd7 9. 0-0 c5 10. a4 cxd4 11. Nxd4 Rc8 12. Na3 a6 13. b5 a5 14. Bf3 Bxf3 15. Qxf3 Nc5 16. Nc6 Qc7 17. Nc2 Nfe4 18. Qe2 Nxd2 19. Qxd2 Nb3 20. Qd3 Nxa1 21. Rxa1 Bf6 22. Rd1 d5 23. cxd5 exd5 24. Qxd5 Rfe8 25. f4 Be7 26. f5 h6 27. e4 Bc5+ 28. Kh1 Qf4 29. N2d4 Bxd4 30. Qxd4 Qxe4 31. Qxe4 Rxe4 32. h3 Rce8 33. Kh2 Rxa4 34. Rf1 Ra2 35. f6 gxf6 36. Rxf6 Kg7 37. Rf3 Ree2 38. Rg3+ Kf8 39. Nd4 Red2 40. Nf5 Rab2 41. Nxh6 a4 42. Rg8+ Ke7 43. Nf5+ Kf6 44. Ne3 Rxb5 45. Ra8 Ra2 46. h4 Rb3 47. Nc4 b5 48. Ra6+ Kg7 49. Na5 Rbb2 50. Kh3 Rxg2 51. Nc6 Rg6 52. h5 Rd6 53. Kg4 Rc2 54. Nb4 Rc4+ 55. Kg5 Rxa6 56. Nxa6 a3 57. h6+ Kh7 58. Nb8 a2 59. Nd7 a1Q 60. Nf6+ Qxf6+ 61. Kxf6 Kxh6 0-1

[Event "Yvelines-ch"]
[Site "Fontenay le Fleury"]
[Date "2003.02.07"]
[Round "1.30"]
[White "Douat, Jean"]
[Black "Mereghetti, David"]
[Result "1-0"]
[WhiteElo "1800"]
[BlackElo "1300"]
[PlyCount "59"]
[EventDate "2003.02.17"]
[EventType "swiss"]
[EventRounds "7"]
[EventCountry "FRA"]
[SourceTitle "EXT 2004"]
[Source "ChessBase"]
[SourceDate "2003.11.25"]
[SourceVersion "1"]
[SourceVersionDate "2003.11.25"]
[SourceQuality "1"]

1. e4 e5 2. Nf3 d6 3. d4 f5 4. Bc4 fxe4 5. Ng5 d5 6. Bb3 Be7 7. f4 exf4 8. Bxf4 Bxg5 9. Qh5+ g6 10. Qxg5 Qxg5 11. Bxg5 h6 12. Bf4 Be6 13. Bxc7 Nc6 14. c3 Rh7 15. Bg3 Rf7 16. Nd2 e3 17. Nf1 e2 18. Kxe2 Bg4+ 19. Kd2 Nf6 20. Re1+ Kd7 21. Kc1 a6 22. Ne3 Bh5 23. Nxd5 Nxd5 24. Bxd5 Rf6 25. Rhf1 Raf8 26. Rxf6 Rxf6 27. Kd2 Ne7 28. Bb3 Nf5 29. Be5 Rf7 30. Bxf7 1-0